Where Are They From - City #9 - Statistics

General Stats
  • This quiz has been taken 23 times
  • The average score is 9 of 12
Answer Stats
Hint Answer % Correct
Enrique Iglesias, David de Gea, Elsa Pataky, Plácido Domingo Madrid
95%
Wolfgang Amadeus Mozart, Felix Baumgartner, Mathias Lauda, Karoline Edtstadler Salzburg
95%
Prince Sahle Selassie, Marcus Samuelsson, Liya Kebede, LoLa Monroe Addis Ababa
84%
Edmund Hillary, Jonah Lomu, Rose McIver, Roseanne Park Auckland
79%
Tim Tebow, Imelda Marcos, Manny Jacinto, Lea Salonga Manila
79%
Tacko Fall, Patrick Vieira, Youssou N'Dour, Aïssa Maïga Dakar
74%
Muhammad Ali Jinnah, Kumail Nanjiani, Mahira Khan, Javed Miandad Karachi
74%
Alberto Fujimori, Paolo Guerrero, Isabel Allende, Nathalie Kelley Lima
74%
Garry Kasparov, Ilham Aliyev, Vagit Alekperov, Samra Rahimli Baku
68%
Maisie Williams, Cary Grant, Banksy, Lando Norris Bristol
58%
Jean-Jacques Rousseau, Romain Grosjean, Henry Dunant, Melia Kreiling Geneva
58%
Halle Berry, Wes Craven, Tracy Chapman, Arsenio Hall Cleveland
26%
No matching quizzes found
Score Distribution
Percent of People with Each Score
Percentile by Number Answered
Your Score History
You have not taken this quiz